000 00583nam a2200205Ia 4500
005 20260415160320.0
008 008 250505s9999 xx 000 0 eng d
037 _aTextBook
040 _aFEDL
_beng
_cFEDL
041 _aeng
_2eng
084 _a150.195 FRE
_qFEDL
100 _aBrill A A Ed.
_990364
245 0 _aBasic writings of sigmund freud
260 _aNew York, USA
_bModern Library
_c1938
300 _avi,1001p
365 _aINR
_b10
650 _aPsychoanalytic Systems
_9755612
942 _cTB
_h150.195 FRE
999 _c1321594
_d1321594